000 00768nam a22002177a 4500
005 20251108170933.0
008 250721s1982 xx 000 0 ara d
082 1 4 _aم/217.5/مقد
100 1 _aالمقدسي، شمس الدين أبو عبد الله محمد بن مفلح
245 1 0 _aكتاب الفروع و يليه كتاب تصحيح الفروع /
250 _aط3
264 1 _aبيروت :
_bعالم الكتب،
_c1982.
300 _a
650 1 7 _aالإسلام
650 1 7 _aفقه
650 1 7 _aالمذهب الحنبلي
700 1 _aالمرداوي، علاء الدين أبو الحسن علي بن سليمان
700 1 _aالسبكي، عبد اللطيف محمد
_eتحقيق
942 _2ddc
_cREF
999 _c52552
_d52552